LEADER 02559oas 2201009 a 450 001 9910146008503321 005 20251105213014.0 011 $a1943-0787 035 $a(DE-599)ZDB2552150-0 035 $a(OCoLC)232956613 035 $a(CONSER) 2008214580 035 $a(CKB)1000000000428767 035 $a(EXLCZ)991000000000428767 100 $a20080630a20099999 sy a 101 0 $aeng 135 $aur||||||||||| 181 $ctxt$2rdacontent 182 $cc$2rdamedia 183 $acr$2rdacarrier 200 00$aAsian politics & policy 210 $aBoston, MA $cJohn Wiley & Sons$d2009- 215 $a1 online resource 300 $aRefereed/Peer-reviewed 311 08$a1943-0779 517 1 $aAsian politics and policy 517 1 $aAPP Asian politics & policy 517 3 $aAPP 606 $aPolitics and government$2fast$3(OCoLC)fst01919741 606 $aInternational relations$2fast$3(OCoLC)fst00977053 606 $aPolítica governamental$2thub 606 $aPolítica exterior$2thub 607 $aAsia$xPolitics and government$vPeriodicals 607 $aAsia$xRelations$vPeriodicals 607 $aAsie$xPolitique et gouvernement$vPe?riodiques 607 $aAsie$xRelations$vPe?riodiques 607 $aAsia$2fast$1https://id.oclc.org/worldcat/entity/E39PBJxMpyjKQ9Jtm3jkjPBgKd 607 $aÀsia$2thub 608 $aPeriodicals.$2fast 608 $aPeriodicals.$2lcgft 608 $aRevistes electròniques.$2thub 610 $aMiddle East 615 7$aPolitics and government. 615 7$aInternational relations. 615 7$aPolítica governamental. 615 7$aPolítica exterior. 676 $a327.5 801 0$bNSD 801 1$bNSD 801 2$bNSD 801 2$bOCLCQ 801 2$bTXA 801 2$bDLC 801 2$bMYG 801 2$bWAU 801 2$bOCLCA 801 2$bDLC 801 2$bUKMGB 801 2$bOCLCQ 801 2$bOCLCF 801 2$bSCB 801 2$bOCL 801 2$bVT2 801 2$bDLC 801 2$bOCLCQ 801 2$bOCL 801 2$bOCLCQ 801 2$bNLE 801 2$bOCLCQ 801 2$bSFB 801 2$bBWN 801 2$bOCLCQ 801 2$bIOY 801 2$bUBY 801 2$bU3W 801 2$bOCLCL 801 2$bOCLCQ 801 2$bOCLCL 801 2$bSXB 801 2$bCSU 801 2$bXFH 801 2$bSRU 801 2$bVLY 801 2$bOCLCQ 906 $aJOURNAL 912 $a9910146008503321 996 $aAsian politics & policy$92117795 997 $aUNINA